书目信息 |
| 书名: | Classical and modern physics | |
| 作者: | [by] Kenneth W. Ford. | |
| 分册号: | ||
| 分册名: | 出版地: | Lexington, Mass. : |
|
| 出版社: | Xerox College Pub | |
| 出版时间: | [1972-74]. | |
| 页数: | 3 v. : | |
| 开本: | 26 cm. | |
| 丛书名: | ||
| 中图分类号: | ||
| 科图分类号: | ||
| 其他分类号: | O4:H31 | |
| 主题词: | ||
| 电子资源: | ||
| 000 | 00827cam a2200253 450 | |
| 001 | E0734803311 | |
| 005 | 20070207094118.85 | |
| 008 | 720526m19721974maua 001 0 eng | |
| 010 | @a76161385 | |
| 020 | @a0536007233 (v. 1). | |
| 035 | @A(DLC) 76161385 | |
| 040 | @aDLC@cDLC@dDLC | |
| 050 | 00 | @aQC23@b.F655 |
| 082 | 00 | @a530 |
| 090 | @aO4:H31 | |
| 099 | @dO4:H31@ex114:1 | |
| 100 | 1 | @aFord, Kenneth William,@d1926- |
| 245 | 10 | @aClassical and modern physics :@ba textbook for students of science and engineering / @c[by] Kenneth W. Ford. |
| 260 | @aLexington, Mass. :@bXerox College Pub.,@c[1972-74]. | |
| 300 | @a3 v. :@billus. ;@c26 cm. | |
| 504 | @aIncludes bibliographical references. | |
| 650 | 0 | @aPhysics. |
| 906 | @a7@bcbc@corignew@d2@encip@f19@gy-gencatlg | |
| 991 | @bc-GenColl@hQC23@i.F655@tCopy 1@wBOOKS | |
| Classical and modern physics : : a textbook for students of science and engineering / / [by] Kenneth W. Ford.-Lexington, Mass. : : Xerox College Pub., , [1972-74]. |
| 3 v. : : illus. ; ; 26 cm. |
| Includes bibliographical references. |
| ISBN 0536007233 (v. 1). |
| ● |
| 相关链接 |
|
|
|
|
正题名:Classical and modern physics
索取号:O4:H31/x114:1
 
预约/预借
| 序号 | 登录号 | 条形码 | 馆藏地/架位号 | 状态 | 备注 |
| 1 | 49184 | 000451576 | 第四借阅区/ [索取号:O4:H31/x114:1] | 在馆 | |
| 2 | 49185 | 000451610 | 第二样本阅览室/ [索取号:O4:H31/x114:1] | 在馆 |